000 00270nam a22001217a 4500
008 170831b xxu||||| |||| 00| 0 eng d
041 _aeng
080 _23 ED
_a070
100 _a40
101 _aMED
245 _aADS CONSUME CULTURE
_cBERGER.A
942 _2udc
_cBK
999 _c25785
_d25785